Library of the University of Algiers 3
Ibrahim Sultan Cheibout
شعار جامعة الجزائر 3
مكتبة جامعة الجزائر 3
إبراهيم سلطان شيبوط

عالمية التجارة الإلكترونية وعقودها وأساليب مكافحة الغش التجاري الإلكتروني / (رقم التسجيلة. 44396)

تفاصيل مارك
000 -LEADER
fixed length control field 01762nam a2200229Ia 4500
003 - CONTROL NUMBER IDENTIFIER
control field Ost
005 - DATE AND TIME OF LATEST TRANSACTION
control field 20260507075411.0
008 - FIXED-LENGTH DATA ELEMENTS--GENERAL INFORMATION
fixed length control field 260507s9999||||xx |||||||||||||| ||und||
040 ## - CATALOGING SOURCE
Transcribing agency fsecg
041 ## - LANGUAGE CODE
Language code of text/sound track or separate title ara
082 ## - DEWEY DECIMAL CLASSIFICATION NUMBER
Classification number 330
100 ## - MAIN ENTRY--PERSONAL NAME
Personal name يوسف، أمير فرج
Relator term مؤلف
245 #0 - TITLE STATEMENT
Title عالمية التجارة الإلكترونية وعقودها وأساليب مكافحة الغش التجاري الإلكتروني /
Statement of responsibility, etc. أمير فرج يوسف
260 ## - PUBLICATION, DISTRIBUTION, ETC.
Place of publication, distribution, etc. الإسكندرية:
Name of publisher, distributor, etc. المكتب الجامعي الحديث,
Date of publication, distribution, etc. 2009
300 ## - PHYSICAL DESCRIPTION
Extent 579 صفحة؛
Other physical details إيضاحات ؛
Dimensions 25 سم
504 ## - BIBLIOGRAPHY, ETC. NOTE
Bibliography, etc. note المراجع ص.578
520 ## - SUMMARY, ETC.
Summary, etc. يضم وسائل ونظم الدفع والسداد للتجارة الإلكترونية، اثبات العقود وحماية المستهلك، التشريعات الدولية المنظمة للتجارة الإلكترونية، الأعمال الدولية والإقليمية بشأن تسوية المنازعات الإلكترونية، العقود النموذجية الإلكترونية، تسوية المنازعات، التحكيم، اللجوء الى التوقيع الإلكتروني لمواجهة المشاكل الفنية المتعلقة بتحديد شخصية المتعاقدين، التجارة الإلكترونية والجرائم الإلكترونية، الغش التجاري في المجتمع الإلكتروني في عصر الحوسبة والمعلومات فائقة السرعة، ملحق التشريعات العربية والدولية لقوانين التجارة الإلكترونية
653 ## - INDEX TERM--UNCONTROLLED
Uncontrolled term التجارة
653 ## - INDEX TERM--UNCONTROLLED
Uncontrolled term التجارة الإلكترونية
653 ## - INDEX TERM--UNCONTROLLED
Uncontrolled term الغش والتدليس
942 ## - ADDED ENTRY ELEMENTS (KOHA)
Koha item type كتب
المقتنيات
Withdrawn status Lost status Source of classification or shelving scheme Damaged status Not for loan Home library Current library Date acquired Serial enumeration / chronology Inventory number Total checkouts Full call number Barcode Date last seen Price effective from Koha item type
    Dewey Decimal Classification   NOT LOAN / إعارة داخلية مكتبة كلية العلوم الإقتصادية والعلوم التجارية وعلوم التسيير مكتبة كلية العلوم الإقتصادية والعلوم التجارية وعلوم التسيير 07/05/2026 الطابق الأرضي 27047   أ/4459ن1 27047 07/05/2026 07/05/2026 كتب
    Dewey Decimal Classification   Available مكتبة كلية العلوم الإقتصادية والعلوم التجارية وعلوم التسيير مكتبة كلية العلوم الإقتصادية والعلوم التجارية وعلوم التسيير 07/05/2026 الطابق الأرضي 27048   أ/4459ن2 27048 07/05/2026 07/05/2026 كتب
    Dewey Decimal Classification   Available مكتبة كلية العلوم الإقتصادية والعلوم التجارية وعلوم التسيير مكتبة كلية العلوم الإقتصادية والعلوم التجارية وعلوم التسيير 07/05/2026 الطابق الثاني 27049   أ/4459ن3 27049 07/05/2026 07/05/2026 كتب

موارد الويب المفتوحة


© University of Algiers 3 All Rights Reserved
|
Implemented by LECHELAH Riad